[Event "ch-European Rapid 2013"]
[Site "Warsaw POL"]
[Date "2013.12.15"]
[Round "10.23"]
[White "Tkachiev, Vladislav"]
[Black "Czerwonski, Aleksander"]
[Result "1-0"]
[WhiteTitle "GM"]
[BlackTitle "IM"]
[WhiteElo "2637"]
[BlackElo "2379"]
[WhiteFideId "618438"]
[BlackFideId "1100459"]
[EventDate "2013.12.14"]

1. Nf3 d6 2. d4 Bg4 3. c4 Nd7 4. g3 c5 5. Bg2 Ngf6 6. O-O g6 7. Be3 Bg7 8. Nc3
O-O 9. h3 Bxf3 10. Bxf3 Rb8 11. dxc5 Nxc5 12. b4 Na6 13. Qb3 Qc8 14. Bg2 Ra8 15.
Rac1 Nc7 16. Rfd1 a6 17. Kh2 Nd7 18. c5 dxc5 19. bxc5 Rb8 20. Na4 Nb5 21. Nb6
Nxb6 22. cxb6 Qf5 23. a4 Nd6 24. Rc7 Bf6 25. Qd5 Rfd8 26. Qxf5 gxf5 27. Bxb7 Kg7
28. Bxa6 Ra8 29. Bb5 Nxb5 30. Rxd8 Rxd8 31. axb5 Rd5 32. b7 1-0

[Event "ch-European Rapid 2013"]
[Site "Warsaw POL"]
[Date "2013.12.15"]
[Round "10.24"]
[White "Lokander, Martin"]
[Black "Azarov, Sergei"]
[Result "0-1"]
[BlackTitle "GM"]
[WhiteElo "2246"]
[BlackElo "2616"]
[WhiteFideId "1709569"]
[BlackFideId "13501470"]
[EventDate "2013.12.14"]

1. d4 Nf6 2. c4 e6 3. Nc3 Bb4 4. f3 O-O 5. a3 Bxc3+ 6. bxc3 c5 7. e3 Nc6 8. Bd3
b6 9. Nh3 Ba6 10. e4 cxd4 11. cxd4 e5 12. d5 Na5 13. Bb2 d6 14. f4 Nd7 15. O-O
Bxc4 16. fxe5 Nxe5 17. Bxc4 Naxc4 18. Bd4 Qh4 19. Rf4 Qh6 20. Qe1 Nd3 21. Qg3
Nxf4 22. Nxf4 Ne5 23. a4 Rac8 24. a5 bxa5 25. h3 Rc4 26. Bxe5 dxe5 27. Nd3 Rxe4 0-1

[Event "ch-European Rapid 2013"]
[Site "Warsaw POL"]
[Date "2013.12.15"]
[Round "10.26"]
[White "Sotsky, Alexander"]
[Black "Dziuba, Marcin"]
[Result "0-1"]
[WhiteTitle "IM"]
[BlackTitle "GM"]
[WhiteElo "2382"]
[BlackElo "2576"]
[WhiteFideId "4130715"]
[BlackFideId "1112953"]
[EventDate "2013.12.14"]

1. d4 Nf6 2. Bg5 d5 3. e3 c5 4. c3 Qb6 5. Qb3 c4 6. Qc2 Ne4 7. Bf4 Bf5 8. Qe2
Nc6 9. f3 Nf6 10. g4 Bg6 11. h4 h5 12. g5 Nd7 13. Bh3 e5 14. Bg3 O-O-O 15. Kf2
Bd6 16. a4 Rhe8 17. Qd2 Na5 18. Qd1 0-1

[Event "ch-European Rapid 2013"]
[Site "Warsaw POL"]
[Date "2013.12.15"]
[Round "10.28"]
[White "Bednarek, Sylwester"]
[Black "Grigoryan, Karen H."]
[Result "1/2-1/2"]
[WhiteTitle "FM"]
[BlackTitle "GM"]
[WhiteElo "2311"]
[BlackElo "2604"]
[WhiteFideId "1101811"]
[BlackFideId "13301004"]
[EventDate "2013.12.14"]

1. d4 Nf6 2. Bg5 c5 3. Bxf6 gxf6 4. d5 d6 5. c4 f5 6. Nc3 Bg7 7. Qd2 Nd7 8. Nh3
Nf6 9. Rc1 a6 10. e3 e6 11. dxe6 fxe6 12. Nf4 O-O 13. Rd1 Qa5 14. Be2 Rd8 15.
Bf3 Rb8 16. O-O b5 17. b3 Qc7 18. Qd3 Qf7 19. g3 Kh8 20. e4 b4 21. Nce2 fxe4 22.
Bxe4 Nxe4 23. Qxe4 Be5 24. Nd3 Bf6 25. Nxc5 Qe7 26. Nd4 d5 27. Nc6 dxe4 28.
Rxd8+ Qxd8 29. Nxd8 Bxd8 30. Nxe4 Be7 31. Rd1 Bb7 32. Nd6 Bc6 33. f4 Kg7 34. Kf2
Rd8 35. c5 Bxd6 36. cxd6 Bd5 37. f5 Kf6 38. fxe6 Kxe6 39. Rd4 a5 40. Rh4 Rxd6
41. Rxh7 Be4 42. Ra7 Ke5 43. Rxa5+ Kd4 44. g4 Kc3 45. a3 bxa3 46. Rxa3 1/2-1/2

[Event "ch-European Rapid 2013"]
[Site "Warsaw POL"]
[Date "2013.12.15"]
[Round "10.29"]
[White "Gdanski, Jacek"]
[Black "Bognar, Csaba Dr."]
[Result "0-1"]
[WhiteTitle "GM"]
[BlackTitle "FM"]
[WhiteElo "2506"]
[BlackElo "2230"]
[WhiteFideId "1100106"]
[BlackFideId "709760"]
[EventDate "2013.12.14"]

1. e4 d6 2. d4 Nf6 3. Nc3 g6 4. f4 Bg7 5. Nf3 O-O 6. Be2 c5 7. dxc5 Qa5 8. O-O
Qxc5+ 9. Kh1 Ng4 10. Nd5 Nc6 11. h3 Nf6 12. Be3 Qa5 13. Nxf6+ Bxf6 14. c3 Qc7
15. Bd3 a6 16. a4 b6 17. Qe2 a5 18. Rae1 Bd7 19. Qf2 Rab8 20. Qg3 Bg7 21. Qh4 f6
22. Bc4+ Kh8 23. b3 Nd8 24. f5 gxf5 25. exf5 Bxf5 26. Nd4 Bg6 27. Nf5 Nf7 28.
Nd4 Nd8 29. Rf3 e5 30. Nf5 Bxf5 31. Rxf5 Nf7 32. Ref1 Qd8 33. Rh5 d5 34. Rxh7+
Kg8 35. Qh5 Ng5 36. Bxg5 fxg5 37. Rxf8+ Kxf8 38. Qg6 Rb7 39. Bb5 Rf7 40. Rh5 Bf6
41. Rh7 Bg7 42. Rh5 Bf6 43. Rh7 Bg7 44. Rh5 Bf6 45. Kg1 d4 46. Qd3 e4 47. Qxe4
dxc3 48. Bd3 Qd4+ 49. Kf1 Be5+ 50. Ke2 Qf2+ 51. Kd1 Qd2# 0-1

[Event "ch-European Rapid 2013"]
[Site "Warsaw POL"]
[Date "2013.12.15"]
[Round "10.30"]
[White "Socko, Monika"]
[Black "Gaehwiler, Gabriel"]
[Result "1/2-1/2"]
[WhiteTitle "GM"]
[WhiteElo "2440"]
[BlackElo "2327"]
[WhiteFideId "1106619"]
[BlackFideId "1314530"]
[EventDate "2013.12.14"]

1. d4 Nf6 2. c4 g6 3. Nc3 Bg7 4. e4 d6 5. f3 O-O 6. Be3 c5 7. dxc5 dxc5 8. Qxd8
Rxd8 9. Bxc5 Nc6 10. Nge2 Nd7 11. Be3 Nde5 12. Nf4 Na5 13. Nfd5 Naxc4 14. Nxe7+
Kh8 15. Bc1 Be6 16. Ned5 Bxd5 17. Nxd5 Nb6 18. Nxb6 axb6 19. Be3 Nc6 20. Bc4 Nd4
21. Kf2 Nc2 22. Rad1 Nxe3 23. Kxe3 Kg8 24. Rd5 Rxd5 25. Bxd5 Bxb2 26. Rb1 Ba3
27. Rd1 Bc5+ 28. Ke2 Kg7 29. Rd2 Rd8 30. a4 Rd7 31. Rc2 Rc7 32. Kd3 Bd6 33. Rxc7
Bxc7 34. g3 Bd6 35. Kc4 Bc5 36. Bxb7 Bg1 37. h3 Bf2 38. Kb5 Kf6 39. Bd5 Ke7 40.
Kc6 h6 41. Bc4 Bg1 42. f4 f6 43. g4 g5 44. f5 Bf2 45. Kd5 Bg3 46. Bb5 Bh2 47.
Kc6 Bg1 48. Bc4 Bf2 49. Be6 Bg1 50. Kd5 Bh2 51. Bc8 Bg3 52. Ba6 Bh2 53. Bc4 Bg3
54. Kc6 Bf2 55. Kc7 Bg1 56. Kc6 Bf2 57. Kd5 Bg3 1/2-1/2

[Event "ch-European Rapid 2013"]
[Site "Warsaw POL"]
[Date "2013.12.15"]
[Round "10.31"]
[White "Kuzmicz, Krystian"]
[Black "Orndahl, Markus"]
[Result "1-0"]
[WhiteTitle "IM"]
[WhiteElo "2451"]
[BlackElo "2206"]
[WhiteFideId "1119125"]
[BlackFideId "1709135"]
[EventDate "2013.12.14"]

1. e4 c5 2. d3 e6 3. g3 g6 4. Bg2 Bg7 5. f4 Ne7 6. Nf3 Nbc6 7. O-O O-O 8. c3 d6
9. Be3 Rb8 10. Bf2 f5 11. Re1 h6 12. Na3 b5 13. exf5 gxf5 14. d4 c4 15. Nc2 Nd5
16. Ne3 Nce7 17. Nd2 Nf6 18. a4 a6 19. axb5 axb5 20. Nc2 Ned5 21. Nf1 Qd7 22.
Nfe3 Bb7 23. Nxd5 Bxd5 24. Bxd5 exd5 25. Ne3 Rbe8 26. Qf3 Re4 27. h3 h5 28. Ra6
Bh6 29. Rea1 Rfe8 30. Ng2 Re2 31. Ne3 R2xe3 32. Bxe3 Qe6 33. Bf2 Re7 34. Rb6 Bf8
35. Rxb5 Rg7 36. Re1 Ne4 37. Kh2 Qf7 38. Ra1 Rg6 39. Raa5 h4 40. gxh4 Bh6 41.
Ra1 Kh7 42. Rba5 Rg7 43. Rg1 Rxg1 44. Kxg1 Qg7+ 45. Qg2 Qb7 46. h5 Bxf4 47. Qg6+
Kh8 48. h6 Ng5 49. Ra8+ 1-0

[Event "ch-European Rapid 2013"]
[Site "Warsaw POL"]
[Date "2013.12.15"]
[Round "10.32"]
[White "Drozdowski, Kacper"]
[Black "Kostyra, Stanislaw"]
[Result "1-0"]
[WhiteTitle "IM"]
[BlackTitle "IM"]
[WhiteElo "2463"]
[BlackElo "2270"]
[WhiteFideId "1136720"]
[BlackFideId "1100858"]
[EventDate "2013.12.14"]

1. e4 e5 2. Nf3 Nc6 3. Bb5 a6 4. Ba4 b5 5. Bb3 Na5 6. O-O d6 7. d4 exd4 8. Nxd4
Bb7 9. c4 c5 10. Nf5 g6 11. Ne3 Bg7 12. Nc3 Nf6 13. cxb5 Nxb3 14. Qxb3 O-O 15.
bxa6 Bxa6 16. Rd1 Re8 17. Qc2 Bb7 18. f3 Ra6 19. Rb1 Nd7 20. b3 Bd4 21. Kh1 f5
22. Ned5 fxe4 23. fxe4 Qh4 24. Be3 Bxe3 25. Nxe3 Bxe4 26. Nxe4 Qxe4 27. Qxe4
Rxe4 28. Nd5 Re2 29. a4 Ne5 30. h3 Kg7 31. Nc7 Rc6 32. Ne8+ Kf7 33. Nxd6+ Ke6
34. Nb5 g5 35. a5 g4 36. hxg4 Nxg4 37. Rdc1 Kf5 38. Nd4+ cxd4 39. Rxc6 d3 40.
Rf1+ Ke5 41. Rc5+ Ke6 42. Rcc1 Ne3 43. Rg1 d2 44. Ra1 d1=Q 45. Rgxd1 Nxd1 46.
Rxd1 Ra2 47. b4 Ra4 48. Rd4 h5 49. Kh2 Ra3 50. Rh4 1-0

[Event "ch-European Rapid 2013"]
[Site "Warsaw POL"]
[Date "2013.12.15"]
[Round "10.33"]
[White "Piesik, Piotr"]
[Black "Meribanov, Vitaly"]
[Result "0-1"]
[BlackTitle "IM"]
[WhiteElo "2207"]
[BlackElo "2412"]
[WhiteFideId "1136194"]
[BlackFideId "13504363"]
[EventDate "2013.12.14"]

1. Nf3 Nf6 2. g3 g6 3. Bg2 Bg7 4. O-O c5 5. c3 O-O 6. d4 Qc7 7. a4 d6 8. Na3
cxd4 9. cxd4 Bf5 10. Qb3 Be6 11. Qc2 Qd7 12. e4 Rc8 13. Qd3 Qxa4 14. Bd2 Na6 15.
Ng5 Nb4 16. Bxb4 Qxb4 17. Nxe6 fxe6 18. Bh3 Kh8 19. Bxe6 Rf8 20. Nc4 Ne8 21. Bd7
b5 22. Na5 Qxd4 23. Qxd4 Bxd4 24. Ra2 Nf6 25. Bxb5 Nxe4 26. Bc6 Nxf2 27. Kg2 Ng4
28. Rf4 Rxf4 29. gxf4 Rb8 30. Nc4 Rb4 31. Ra4 Rxa4 32. Bxa4 d5 33. Na5 Bxb2 34.
Nc6 e6 35. Nxa7 Kg7 36. h3 Nf6 37. Nb5 Nh5 38. Kf3 Kf6 39. Nc7 Nxf4 40. Ne8+ Ke5
41. Kg4 d4 42. Nc7 Nd5 43. Na6 Ba3 44. Bc2 Ne3+ 0-1

[Event "ch-European Rapid 2013"]
[Site "Warsaw POL"]
[Date "2013.12.15"]
[Round "10.35"]
[White "Putka, Verners"]
[Black "Vasyliv, Stanislav"]
[Result "1-0"]
[WhiteElo "2323"]
[BlackElo "1894"]
[WhiteFideId "11600659"]
[BlackFideId "14134373"]
[EventDate "2013.12.14"]

1. Nf3 Nf6 2. c4 g6 3. g3 Bg7 4. Bg2 O-O 5. O-O d6 6. d4 Nbd7 7. Nc3 e5 8. e4
exd4 9. Nxd4 Re8 10. h3 Nc5 11. Re1 Bd7 12. Kh2 h6 13. Bf4 Ne6 14. Be3 c6 15.
Rc1 Qc7 16. Qd2 h5 17. Nce2 Rad8 18. Nxe6 Bxe6 19. Bd4 h4 20. Qf4 hxg3+ 21. fxg3
Nh5 22. Qf2 Be5 23. b3 Qe7 24. Rcd1 Kh7 25. Nf4 Qf6 26. Rf1 Bxd4 27. Rxd4 Nxf4
28. gxf4 Rh8 29. Rfd1 Qe7 30. Qd2 Kg7 31. Rxd6 Rde8 32. c5 Qh4 33. Qc3+ Qf6 34.
Qg3 Rh4 35. f5 1-0

[Event "ch-European Rapid 2013"]
[Site "Warsaw POL"]
[Date "2013.12.15"]
[Round "10.36"]
[White "Beinoras, Mindaugas"]
[Black "Szewczyk, Mariusz2"]
[Result "1-0"]
[WhiteTitle "IM"]
[WhiteElo "2404"]
[BlackElo "1997"]
[WhiteFideId "12802085"]
[BlackFideId "1147579"]
[EventDate "2013.12.14"]

1. d4 Nf6 2. c4 e6 3. Nf3 b6 4. a3 Bb7 5. Nc3 d5 6. cxd5 Nxd5 7. e4 Nxc3 8. bxc3
Bxe4 9. Ne5 c6 10. Qg4 Bf5 11. Qg3 f6 12. Nf3 g5 13. Nd2 Bd6 14. Qf3 g4 15. Qe3
Nd7 16. a4 h5 17. Nc4 Bf8 18. Bd3 Bxd3 19. Qxd3 Kf7 20. O-O a6 21. Bf4 b5 22.
axb5 axb5 23. Rxa8 Qxa8 24. Ne3 Bh6 25. Bxh6 Rxh6 26. c4 Qa4 27. d5 cxd5 28.
cxd5 Qa6 29. Rd1 Ne5 30. dxe6+ Qxe6 31. Qxb5 Rh8 32. Qb7+ Qe7 33. Qe4 Rd8 34.
Qh7+ Ke6 35. Qf5+ Kf7 36. Qxh5+ Ke6 37. Qf5+ Kf7 38. Qh7+ Ke6 39. Qxe7+ Kxe7 40.
Nf5+ Ke8 41. Rxd8+ Kxd8 42. Kf1 Ke8 43. Ke2 Kf7 44. Ke3 Kg6 45. Ke4 Kg5 46. Ne3
Ng6 47. f3 gxf3 48. gxf3 Nf4 49. Nf5 Nh3 50. Ng3 Nf2+ 51. Ke3 Nh3 52. Ne4+ Kf5
53. Nf2 Nf4 54. Ne4 Nd5+ 55. Kf2 Kf4 56. Ng3 Nb4 57. Ne2+ Kg5 58. Kg3 Nd5 59.
f4+ Kf5 60. Kf3 Kg6 61. Ke4 Ne7 62. Ng3 f5+ 63. Ke5 Nc6+ 64. Kd5 Nb4+ 65. Kc4
Nc2 66. Kd3 Nb4+ 67. Kd4 Nc2+ 68. Ke5 Ne3 69. h4 Nc4+ 70. Ke6 Nb2 71. h5+ Kh7
72. Kxf5 Nd3 73. Kg5 Nf2 74. f5 Nd3 75. Kf6 Nf4 76. Kf7 Nd3 77. f6 Ne5+ 78. Ke6
Nc6 79. Nf5 Nd8+ 80. Ke7 Nc6+ 81. Ke8 1-0

[Event "ch-European Rapid 2013"]
[Site "Warsaw POL"]
[Date "2013.12.15"]
[Round "10.37"]
[White "Tomczak, Mikolaj"]
[Black "Klekowski, Maciej"]
[Result "1-0"]
[WhiteElo "2133"]
[BlackElo "2402"]
[WhiteFideId "1175114"]
[BlackFideId "1132717"]
[EventDate "2013.12.14"]

1. e4 c5 2. Nc3 Nc6 3. Bb5 Nd4 4. Bc4 g6 5. Nf3 Bg7 6. Nxd4 cxd4 7. Qf3 Nf6 8.
Ne2 e5 9. d3 O-O 10. h3 h6 11. g4 b5 12. Bb3 d5 13. g5 dxe4 14. dxe4 hxg5 15.
Bxg5 Qa5+ 16. c3 Qb6 17. Bxf6 Qxf6 18. Qxf6 Bxf6 19. cxd4 exd4 20. Bd5 Rb8 21.
O-O-O Kg7 22. Nxd4 Rh8 23. Rd3 Bxd4 24. Rxd4 Rxh3 25. Rxh3 Bxh3 26. b4 Kf6 27.
Rd3 Rc8+ 28. Kd2 Be6 29. Ke3 Rc2 30. Bxe6 fxe6 31. Ra3 Rc7 32. f4 g5 33. fxg5+
Kxg5 34. Ra5 Rc3+ 35. Kd4 Rc6 36. Rxa7 Kf6 37. a3 Rc4+ 38. Kd3 Ke5 39. Ra5 Rd4+
40. Kc3 Rxe4 41. Rxb5+ Kd6 42. a4 Kc6 43. Rg5 Re1 44. Rc5+ Kb6 45. a5+ Ka6 46.
Rc6+ Kb7 47. Rb6+ Ka7 48. Rd6 e5 49. Re6 Kb7 50. Kc4 Kc7 51. a6 Kd7 52. Rh6 e4
53. a7 Rc1+ 54. Kb5 Rc8 55. Kb6 e3 56. Rh3 e2 57. Rd3+ 1-0

[Event "ch-European Rapid 2013"]
[Site "Warsaw POL"]
[Date "2013.12.15"]
[Round "10.38"]
[White "Sanz Losada, Victoriano"]
[Black "Miton, Kamil"]
[Result "0-1"]
[BlackTitle "GM"]
[WhiteElo "2083"]
[BlackElo "2591"]
[WhiteFideId "2202808"]
[BlackFideId "1111914"]
[EventDate "2013.12.14"]

1. d4 Nf6 2. c4 Nc6 3. Nf3 e6 4. Bg5 h6 5. Bh4 Bb4+ 6. Nc3 g5 7. Bg3 Ne4 8. Qc2
Nxg3 9. hxg3 g4 10. Nh2 Nxd4 11. Qd3 Nf5 12. Nxg4 Qg5 13. Nh2 Qg7 14. Rc1 b6 15.
a3 Be7 16. e4 Nd6 17. Nf3 Bb7 18. Be2 f5 19. Nd2 fxe4 20. Ndxe4 Nxe4 21. Bh5+
Kd8 22. Nxe4 Qxb2 23. Rd1 Bc6 24. O-O Kc8 25. Bf3 Kb7 26. Nc3 Rad8 27. Nb5 Bc5
28. Rb1 Qf6 29. Nc3 Rhf8 30. Ne4 Bxe4 31. Qxe4+ c6 32. a4 a5 33. Rfd1 Kc7 34.
Rd3 Qf5 35. Qe2 Qg5 36. g4 e5 37. Rbd1 Bd4 38. Qd2 Qxd2 39. R3xd2 Rf4 40. Re2
Rdf8 41. Rde1 Kd6 42. Re4 Rxe4 43. Rxe4 Kc5 44. Re2 Kxc4 45. Be4 Kb4 46. Bf5 d5
47. g3 Kxa4 48. Bd7 Kb5 49. Rc2 Rf6 50. Kg2 a4 51. f4 a3 52. Rc1 0-1

[Event "ch-European Rapid 2013"]
[Site "Warsaw POL"]
[Date "2013.12.15"]
[Round "10.39"]
[White "Perunovic, Milos"]
[Black "Gerasimenyk, Mikhail"]
[Result "1-0"]
[WhiteTitle "GM"]
[BlackTitle "FM"]
[WhiteElo "2622"]
[BlackElo "2188"]
[WhiteFideId "921629"]
[BlackFideId "14111845"]
[EventDate "2013.12.14"]

1. e4 c6 2. d4 d5 3. e5 Bf5 4. h4 h5 5. c4 e6 6. Nc3 Be7 7. Nge2 Nd7 8. Ng3 g6
9. Nxf5 gxf5 10. cxd5 cxd5 11. Be2 Bxh4 12. Bxh5 Nh6 13. Bxh6 Rxh6 14. g3 Bg5
15. f4 Rxh5 16. Rxh5 Be7 17. Rh8+ Bf8 18. Qb3 Qb6 19. Qxb6 Nxb6 20. Ke2 a6 21.
b3 Rc8 22. Kd3 Nd7 23. Rc1 Nb8 24. Ne2 Nc6 25. a3 Kd7 26. b4 b5 27. Ke3 Ke7 28.
Ng1 Na7 29. Rc5 Rxc5 30. dxc5 a5 31. bxa5 Nc6 32. a6 f6 33. Nf3 Kf7 34. Rxf8+
Kxf8 35. exf6 Na7 36. Ne5 Nc8 37. Kd4 Na7 38. c6 1-0

[Event "ch-European Rapid 2013"]
[Site "Warsaw POL"]
[Date "2013.12.15"]
[Round "10.40"]
[White "Maiorov, Nikita1"]
[Black "Herman, Jean"]
[Result "1/2-1/2"]
[WhiteTitle "GM"]
[WhiteElo "2552"]
[BlackElo "2230"]
[WhiteFideId "13501720"]
[BlackFideId "263036"]
[EventDate "2013.12.14"]

1. d4 d5 2. c4 c6 3. Nc3 Nf6 4. e3 e6 5. Nf3 Nbd7 6. Qc2 Bd6 7. b3 O-O 8. Bb2
Qe7 9. Be2 e5 10. O-O-O e4 11. Nd2 b5 12. cxb5 cxb5 13. Nxb5 Ba6 14. Nc3 Bxe2
15. Nxe2 Rfc8 16. Nc3 a5 17. a4 Nb8 18. Ndb1 Na6 19. Qe2 Nb4 20. Rd2 Qb7 21. Kd1
Nd3 22. Nb5 Bb4 23. Bc3 Bxc3 24. N1xc3 Rxc3 25. Nxc3 Qxb3+ 26. Rc2 Nb4 27. Kc1
Rc8 28. Rb2 Nd3+ 29. Qxd3 Rxc3+ 30. Qxc3 Qxc3+ 31. Kb1 Qd3+ 32. Ka2 g6 33. Rc1
Kg7 34. Rc7 Ne8 35. Rc5 Nd6 36. Rb3 Qd2+ 37. Rb2 Qd3 38. Rb3 Qd1 39. Rxa5 Nc4
40. Rab5 Qc2+ 41. Ka1 Qc1+ 42. Ka2 Qc2+ 43. Ka1 Qc1+ 44. Ka2 Qc2+ 45. Ka1 Qc1+
46. Ka2 Qc2+ 47. Ka1 1/2-1/2

[Event "ch-European Rapid 2013"]
[Site "Warsaw POL"]
[Date "2013.12.15"]
[Round "10.41"]
[White "Frink, Ferenc"]
[Black "Dourerassou, Jonathan"]
[Result "1-0"]
[WhiteTitle "FM"]
[BlackTitle "IM"]
[WhiteElo "2095"]
[BlackElo "2485"]
[WhiteFideId "704946"]
[BlackFideId "628050"]
[EventDate "2013.12.14"]

1. e4 c5 2. b4 cxb4 3. a3 bxa3 4. Bxa3 Nf6 5. e5 Nd5 6. d4 Nc7 7. Bd3 d5 8. Ne2
Nc6 9. c3 Bg4 10. f3 Bh5 11. O-O Bg6 12. h3 e6 13. Bxf8 Rxf8 14. f4 f5 15. Nd2
Kf7 16. Nf3 Kg8 17. Ra2 b5 18. Qe1 Bh5 19. Kh2 a5 20. Rb2 b4 21. g4 fxg4 22.
hxg4 Bxg4 23. Bxh7+ Kxh7 24. Ng5+ Kg6 25. Qg3 Rh8+ 26. Kg1 Qf8 27. f5+ exf5 28.
Nf4+ Kxg5 29. Qe3 Rh5 30. Rg2 Qh8 31. Nxh5+ Kxh5 32. Rxf5+ Kg6 33. Qg5+ Kh7 34.
Rh2+ Kg8 35. Rxh8+ Kxh8 36. Qxg4 Kg8 37. Rg5 Ne7 38. Rxg7+ Kf8 39. Qg5 Nc8 40.
Qf6+ Ke8 41. Qf7+ 1-0

[Event "ch-European Rapid 2013"]
[Site "Warsaw POL"]
[Date "2013.12.15"]
[Round "10.42"]
[White "Dorokhin, Mykhailo"]
[Black "Kovalev, Vladislav"]
[Result "0-1"]
[BlackTitle "GM"]
[WhiteElo "2243"]
[BlackElo "2574"]
[WhiteFideId "14114178"]
[BlackFideId "13504398"]
[EventDate "2013.12.14"]

1. e4 e5 2. d3 Nf6 3. c3 d5 4. Qc2 Nc6 5. Bg5 Be7 6. Nd2 Be6 7. g3 Ng8 8. Bxe7
Ngxe7 9. Bg2 O-O 10. O-O-O a5 11. f4 f6 12. Kb1 d4 13. Bh3 Bf7 14. Ngf3 dxc3 15.
bxc3 Qd6 16. fxe5 Nxe5 17. d4 Nxf3 18. Nxf3 Ra6 19. e5 Qc6 20. Nh4 Nd5 21. Ka1
Ne3 22. Qd2 Nxd1 23. Rxd1 Qa4 24. Re1 Re8 25. Ng2 fxe5 26. dxe5 Rxe5 0-1

[Event "ch-European Rapid 2013"]
[Site "Warsaw POL"]
[Date "2013.12.15"]
[Round "10.44"]
[White "Druska, Juraj"]
[Black "Rindlisbacher, Jan"]
[Result "1-0"]
[WhiteTitle "FM"]
[WhiteElo "2370"]
[BlackElo "2235"]
[WhiteFideId "14915650"]
[BlackFideId "1304160"]
[EventDate "2013.12.14"]

1. e4 e5 2. Nf3 Nc6 3. Bc4 Bc5 4. O-O Nf6 5. d4 Bxd4 6. Nxd4 Nxd4 7. f4 d6 8.
fxe5 dxe5 9. Bg5 Be6 10. Na3 Qe7 11. Bxf6 gxf6 12. c3 Bxc4 13. Nxc4 Ne6 14. b4
Ng5 15. Ne3 Nxe4 16. Qd3 Ng5 17. Nd5 Rd8 18. Qc4 Rxd5 19. Qxd5 c6 20. Qd3 O-O
21. Rad1 c5 22. Qd7 Re8 23. Qxe7 Rxe7 24. Rxf6 Ne4 25. Rf3 cxb4 26. cxb4 Kg7 27.
Re3 f5 28. g4 Ng5 29. gxf5 Kf6 30. h4 Nf7 31. Rf1 Rc7 32. Re4 Rc2 33. Rf2 Rc1+
34. Kg2 Nd6 35. Rg4 e4 36. Rd2 Nxf5 37. Rxe4 Rc7 38. Rf2 Rd7 39. Kh3 h5 40. Re8
Rd5 41. Rh8 Rd3+ 42. Kh2 Rd5 43. Rxh5 Ke6 44. Rhxf5 Rxf5 45. Rxf5 Kxf5 46. Kg3 1-0

[Event "ch-European Rapid 2013"]
[Site "Warsaw POL"]
[Date "2013.12.15"]
[Round "10.45"]
[White "Wiley, Tom E"]
[Black "Zambo, Zoltan"]
[Result "1/2-1/2"]
[WhiteTitle "FM"]
[BlackTitle "FM"]
[WhiteElo "2273"]
[BlackElo "2399"]
[WhiteFideId "401765"]
[BlackFideId "722146"]
[EventDate "2013.12.14"]

1. e4 c5 2. Nf3 g6 3. c4 Nc6 4. d4 cxd4 5. Nxd4 Bg7 6. Be3 Nf6 7. Nc3 d6 8. Be2
O-O 9. O-O Bd7 10. f3 Nxd4 11. Bxd4 a5 12. Rc1 Bc6 13. Qd2 Nd7 14. Bxg7 Kxg7 15.
b3 Nc5 16. Qd4+ e5 17. Qd2 Ne6 18. Bd3 Qb6+ 19. Qf2 Qxf2+ 20. Rxf2 a4 21. b4 b6
22. Rd2 Rfd8 23. Bf1 Kf8 24. Kf2 Ke7 25. g3 f5 26. exf5 gxf5 27. Bh3 Nd4 28. f4
Ke6 29. Bg2 Bxg2 30. Kxg2 Rdc8 31. Ne2 Nxe2 32. Rxe2 e4 33. Kf2 Ra7 34. Ke3 b5
35. c5 dxc5 36. bxc5 Rd7 37. Rb2 Rb7 38. Rb4 Rc6 39. h3 h5 40. g4 hxg4 41. hxg4
Rh7 42. Rxb5 Rh3+ 43. Kd4 Rd3+ 44. Kc4 fxg4 45. Rb8 g3 46. Kb5 Rc7 47. Rg8 Kf5
48. Kb6 Rf7 49. c6 Rf6 50. Kb7 Kxf4 51. c7 Rd7 52. Kb8 Rb6+ 53. Ka8 Ra6+ 54. Kb8
Rb6+ 55. Ka8 Ra6+ 56. Kb8 1/2-1/2

[Event "ch-European Rapid 2013"]
[Site "Warsaw POL"]
[Date "2013.12.15"]
[Round "10.46"]
[White "Pedzich, Dominik"]
[Black "Pischikov, Vadim"]
[Result "1-0"]
[WhiteTitle "IM"]
[WhiteElo "2384"]
[BlackElo "2148"]
[WhiteFideId "1100130"]
[BlackFideId "4100280"]
[EventDate "2013.12.14"]

1. e4 e5 2. Nf3 Nc6 3. Nc3 Nf6 4. Bb5 Nd4 5. Nxd4 exd4 6. e5 dxc3 7. exf6 Qxf6
8. dxc3 c6 9. Bd3 d5 10. O-O Be6 11. Be3 Bd6 12. f4 Qh6 13. Qf3 f5 14. Rae1 O-O
15. Bd4 a6 16. Rf2 Rae8 17. b4 Qg6 18. Rfe2 Qf7 19. g3 Bd7 20. Be5 Be7 21. a3
Bd8 22. Bd4 Bc7 23. a4 Rxe2 24. Rxe2 Re8 25. a5 g6 26. Kf2 Re7 27. Bc5 Re4 28.
Bxe4 fxe4 29. Qg2 Bg4 30. Re3 g5 31. Kg1 Bf3 32. Rxf3 exf3 33. Qxf3 Qf5 34. Qh5
h6 35. Qe8+ Kg7 36. Bd4+ Kh7 37. Qe7+ Kg6 38. Qxc7 Qxc2 39. Qe5 Qb1+ 40. Kf2
Qc2+ 41. Qe2 Qc1 42. Qe6+ Kh5 43. h3 1-0

[Event "ch-European Rapid 2013"]
[Site "Warsaw POL"]
[Date "2013.12.15"]
[Round "10.47"]
[White "Dumanski, Aleksander"]
[Black "Marechal, Andy"]
[Result "1-0"]
[BlackTitle "FM"]
[WhiteElo "2236"]
[BlackElo "2356"]
[WhiteFideId "1114379"]
[BlackFideId "202355"]
[EventDate "2013.12.14"]

1. d4 d5 2. c4 c6 3. cxd5 cxd5 4. Nc3 Nc6 5. e4 e6 6. e5 Nge7 7. Nf3 Nf5 8. Bb5
Bd7 9. O-O Qb6 10. g4 Nh6 11. h3 a6 12. Ba4 Be7 13. Rb1 Rc8 14. Be3 Na5 15.
Bxd7+ Kxd7 16. Na4 Qb5 17. b4 Nc4 18. Nc5+ Kc7 19. a4 Qe8 20. Qd3 Ra8 21. b5
axb5 22. Rxb5 b6 23. Qb3 Qc6 24. Nd3 Ra7 25. Nb4 Bxb4 26. Rxb4 Rha8 27. Nd2 Rxa4
28. Nxc4 dxc4 29. Qc3 Rxb4 30. Qxb4 Kd7 31. Bg5 Ng8 32. Rb1 Rb8 33. Ra1 h6 34.
Ra7+ Rb7 35. Qf8 hxg5 36. Ra8 Qe4 37. Qe8+ Kc7 38. Rc8# 1-0

[Event "ch-European Rapid 2013"]
[Site "Warsaw POL"]
[Date "2013.12.15"]
[Round "10.48"]
[White "Razin, Vadim"]
[Black "Nowicki, Bartosz"]
[Result "1-0"]
[WhiteElo "2301"]
[BlackElo "2251"]
[WhiteFideId "14119463"]
[BlackFideId "1179730"]
[EventDate "2013.12.14"]

1. d4 f5 2. e4 fxe4 3. Nc3 Nf6 4. Bg5 Nc6 5. Nh3 g6 6. Nf4 d6 7. Bb5 Bd7 8. d5
Ne5 9. Ne6 Qc8 10. Bxd7+ Qxd7 11. Bxf6 exf6 12. Nxe4 Be7 13. f4 Nf7 14. Qd4 f5
15. Nc3 a6 16. O-O-O Rg8 17. Rhe1 Nd8 18. Ng5 h6 19. Ne6 Kf7 20. Re3 Bf6 21. Qc4
Rc8 22. Rde1 b5 23. Qd3 Ra8 24. g4 b4 25. gxf5 bxc3 26. fxg6+ Rxg6 27. Qxg6+
Kxg6 28. Nf8+ Kf5 29. Nxd7 cxb2+ 30. Kb1 Bd4 31. Rd3 Bg7 32. Re7 Bh8 33. Re8 Bg7
34. Rg3 Bd4 35. c3 1-0